ভারত প্রেম কথা / (Record no. 44184)
[ view plain ]
| 000 -LEADER | |
|---|---|
| fixed length control field | 00757nam a2200217 a 4500 |
| 001 - CONTROL NUMBER | |
| control field | 44184 |
| 003 - CONTROL NUMBER IDENTIFIER | |
| rucl marc code | BD-RjUL |
| 005 - DATE AND TIME OF LATEST TRANSACTION | |
| control field | 20211209053819.0 |
| 008 - FIXED-LENGTH DATA ELEMENTS--GENERAL INFORMATION | |
| fixed length control field | 160714s1955 ii |||| ||| 000 0 ben d |
| 035 ## - SYSTEM CONTROL NUMBER | |
| System control number | (BD-RjUL 44302 |
| 040 ## - CATALOGING SOURCE | |
| Original cataloging agency | BD-RjUL |
| Language of cataloging | ben |
| Transcribing agency | BD-RjUL |
| 041 ## - LANGUAGE CODE | |
| Language code of text/sound track or separate title | ben |
| 082 ## - DEWEY DECIMAL CLASSIFICATION NUMBER | |
| Edition number | 23 |
| Classification number | 891.442 |
| Author mark and year | GHB 1955 |
| 100 ## - MAIN ENTRY--PERSONAL NAME | |
| Personal name | ঘোষ, সুবোধ |
| 9 (RLIN) | 135668 |
| 245 ## - TITLE STATEMENT | |
| Title | ভারত প্রেম কথা / |
| Statement of responsibility, etc. | সুবোধ ঘোষ |
| 260 ## - PUBLICATION, DISTRIBUTION, ETC. (IMPRINT) | |
| Place of publication, distribution, etc. | কলিকাতা : |
| Name of publisher, distributor, etc. | অশোক কুমার |
| Date of publication, distribution, etc. | ১৯৫৫ (১৩৬২) |
| 300 ## - PHYSICAL DESCRIPTION | |
| Pagination | [১৪] ৩৮০ পৃ. ; |
| Size | ২১ সেমি. |
| 650 ## - SUBJECT ADDED ENTRY--TOPICAL TERM | |
| Topical term or geographic name as entry element | বাংলা সাহিত্য |
| 9 (RLIN) | 135669 |
| General subdivision | নাটক |
| Topical term or geographic name as entry element | Bengali Literature |
| 9 (RLIN) | 135670 |
| General subdivision | Drama |
| 942 ## - ADDED ENTRY ELEMENTS (KOHA) | |
| Source of classification or shelving scheme | Dewey Decimal Classification |
| Koha item type | Books |
| Lost status | Source of classification or shelving scheme | Damaged status | Not for loan | Collection code | Permanent Location | Current Location | Shelving location | Date acquired | Source of acquisition | Cost, normal purchase price | Total Checkouts | Full call number | Date last seen | Copy number | Koha item type |
|---|---|---|---|---|---|---|---|---|---|---|---|---|---|---|---|
| Dewey Decimal Classification | Non-fiction | Central Library, University of Rajshahi | Central Library, University of Rajshahi | 14/02/1956 | nowrj kittan | 6.12 | B 891.442 GHB 1955 | 14/07/2016 | C-2 | Books |